000 00403nam a2200181Ia 4500
001 2827
005 20260306144835.0
008 260306t2003||||xx |||||||||||||| ||spa||
041 _aESP
082 _a230.2
_bS27
100 _aSayés, José Antonio
_eAUT
245 0 _aTeología moral fundamental
260 _c2003
300 _a
_c
650 _aGEN
654 _aCHU
942 _cLIB
_dJUS
_fJUS
_2ddc
_n
999 _c2827
_d2827